<?xml version="1.0" encoding="UTF-8"?>
<record
    xmlns:xsi="http://www.w3.org/2001/XMLSchema-instance"
    xsi:schemaLocation="http://www.loc.gov/MARC21/slim http://www.loc.gov/standards/marcxml/schema/MARC21slim.xsd"
    xmlns="http://www.loc.gov/MARC21/slim">

  <leader>01167nam a2200265   4500</leader>
  <controlfield tag="003">CO-ViMGA</controlfield>
  <datafield tag="020" ind1=" " ind2=" ">
    <subfield code="a">9789583055591</subfield>
  </datafield>
  <datafield tag="040" ind1=" " ind2=" ">
    <subfield code="a">CO-ViMGA</subfield>
    <subfield code="b">spa</subfield>
    <subfield code="c">CO-ViMGA</subfield>
  </datafield>
  <datafield tag="082" ind1="0" ind2="4">
    <subfield code="a">937 </subfield>
    <subfield code="b">F85a</subfield>
  </datafield>
  <datafield tag="100" ind1="1" ind2=" ">
    <subfield code="a">Funck, Anne</subfield>
    <subfield code="9">915</subfield>
  </datafield>
  <datafield tag="245" ind1="1" ind2="0">
    <subfield code="a">La antigua Roma </subfield>
    <subfield code="b"> una potencia mundial /</subfield>
    <subfield code="c"> Anne Funck, Sabine Hojer ; traducci&#xF3;n del alem&#xE1;n Blanca Jim&#xE9;nez ; edici&#xF3;n C&#xE9;sar Alberto Cardozo Tovar</subfield>
  </datafield>
  <datafield tag="260" ind1=" " ind2=" ">
    <subfield code="a">Bogota :</subfield>
    <subfield code="b">Panamericana Editorial, </subfield>
    <subfield code="c">2017</subfield>
  </datafield>
  <datafield tag="300" ind1=" " ind2=" ">
    <subfield code="a">48 p&#xE1;ginas :</subfield>
    <subfield code="b"> ilustraciones, fotograf&#xED;as en color ; 28 cm</subfield>
  </datafield>
  <datafield tag="490" ind1=" " ind2=" ">
    <subfield code="a"> C&#xF3;mo y por qu&#xE9;</subfield>
  </datafield>
  <datafield tag="500" ind1=" " ind2=" ">
    <subfield code="a">Incluye glosario</subfield>
  </datafield>
  <datafield tag="500" ind1=" " ind2=" ">
    <subfield code="a">Recomendado para ni&#xF1;os de 6 a 9 a&#xF1;os</subfield>
  </datafield>
  <datafield tag="520" ind1=" " ind2=" ">
    <subfield code="a">"Fueron los due&#xF1;os de Europa durante siglos y su imperio creci&#xF3; imparable: los romanos. &#xBF;Qu&#xE9; aspecto ten&#xED;a el n&#xFA;cleo del poder? &#xBF;C&#xF3;mo celebraba el C&#xE9;sar sus victorias y c&#xF3;mo viv&#xED;an ricos y pobres? &#xBF;Qu&#xE9; suced&#xED;a en el Coliseo?"</subfield>
  </datafield>
  <datafield tag="534" ind1=" " ind2=" ">
    <subfield code="p">Titulo original</subfield>
    <subfield code="t">Das alte rom. Weltmacht der antike</subfield>
  </datafield>
  <datafield tag="650" ind1="1" ind2="4">
    <subfield code="a">Cultura y sociedad </subfield>
    <subfield code="z"> Roma</subfield>
    <subfield code="9">916</subfield>
  </datafield>
  <datafield tag="650" ind1="1" ind2="4">
    <subfield code="a">Roma</subfield>
    <subfield code="9">917</subfield>
  </datafield>
  <datafield tag="650" ind1="1" ind2="4">
    <subfield code="a">Roma</subfield>
    <subfield code="x">Historia</subfield>
    <subfield code="9">918</subfield>
  </datafield>
  <datafield tag="650" ind1="1" ind2="4">
    <subfield code="x"> Civilizaci&#xF3;n</subfield>
    <subfield code="9">743</subfield>
  </datafield>
  <datafield tag="700" ind1="1" ind2=" ">
    <subfield code="a"> Jim&#xE9;nez, Blanca</subfield>
    <subfield code="e">tr.</subfield>
    <subfield code="9">105</subfield>
  </datafield>
  <datafield tag="942" ind1=" " ind2=" ">
    <subfield code="2">ddc</subfield>
    <subfield code="c">BK</subfield>
  </datafield>
  <datafield tag="999" ind1=" " ind2=" ">
    <subfield code="c">37331</subfield>
    <subfield code="d">37331</subfield>
  </datafield>
  <datafield tag="952" ind1=" " ind2=" ">
    <subfield code="0">0</subfield>
    <subfield code="1">0</subfield>
    <subfield code="2">ddc</subfield>
    <subfield code="4">0</subfield>
    <subfield code="7">0</subfield>
    <subfield code="8">003</subfield>
    <subfield code="a">MEVIECAR</subfield>
    <subfield code="b">MEVIECAR</subfield>
    <subfield code="d">2020-04-16</subfield>
    <subfield code="l">0</subfield>
    <subfield code="o">937 F85a</subfield>
    <subfield code="p">33319</subfield>
    <subfield code="r">2020-04-16 00:00:00</subfield>
    <subfield code="w">2020-04-16</subfield>
    <subfield code="y">BK</subfield>
  </datafield>
  <datafield tag="952" ind1=" " ind2=" ">
    <subfield code="0">0</subfield>
    <subfield code="1">0</subfield>
    <subfield code="2">ddc</subfield>
    <subfield code="4">0</subfield>
    <subfield code="7">0</subfield>
    <subfield code="8">003</subfield>
    <subfield code="a">MEVIECAR</subfield>
    <subfield code="b">MEVIECAR</subfield>
    <subfield code="d">2020-04-16</subfield>
    <subfield code="l">0</subfield>
    <subfield code="o">937 F85a</subfield>
    <subfield code="p">33320</subfield>
    <subfield code="r">2020-04-16 00:00:00</subfield>
    <subfield code="w">2020-04-16</subfield>
    <subfield code="y">BK</subfield>
  </datafield>
</record>
